000 00690nam a22002177a 4500
003 0
005 20250923104433.0
008 250923b xxu||||| |||| 00| 0 eng d
020 _a978-1-77956-374-3
050 _aHB 615
_b.F35 2025
100 _aFallahchay, Seyed Ali,
_eauthor.
245 _aEntrepreneurial thinking /
_cSeyed Ali Fallahchay.
260 _aCanada :
_bSociety Publishing,
_c2025.
300 _aix, 223 pages :
_billustrations ;
_c24 cm.
504 _aIncludes bibliographical references and index.
650 _aEntrepreneurship.
650 _aCreative ability in business.
650 _aStrategic thinking.
650 _aNew business enterprises.
942 _2lcc
_cBK
999 _c368068
_d368068